1941 1633 1494 1988 1502 1853 1541 1611 1574 1979 1063 1665 1649 1797 1203 1077 1731 1150 1443 1863 1665 1359 1518 1536 1224 1607 1156 1129 1530 1809 1074 1877 1596 1029 1165 1984 1607 1036 1313 1215 1087 1826 1094 1048 1882 1357 1743 1761 1261 1378 1683 1257 1704 1414 1866 1555 1452 1196 1335 1169 1102 1172 1761 1185 1724 1448 1924 1697 1999 1645 1740 1818 1580 1737 1259 1132 1433 1208 1238 1216 1956 1369 1369 1508 1176 1232 1352 1107 1063 1849 1751 1686 1285 1378 1287 1486 1259 1122 1921 BCNSPRNW ULIB Ver.6.0+V

เปลี่ยนเป็นภาษาไทย

Change to English
 แสดงรายละเอียดบรรณานุกรม
  กลับหน้าหลัก

Brief Record : Get Marc (ISO 2709) : E-mail record : QR code < ปิดหน้าต่าง
LEADER : 00000nam 2200000uu 4500
001    13399128229
003     ULIB
008    220816s2559||||th 000 0 tha d
020 ^- ^a9789740335061
050 ^- ^aLB1028.5^bจ484ก
100 0^ aจินตวีร์ คล้ายสังข์
245 ^- ^aการออกแบบเว็บเพื่อการเรียนการสอน แนวทางการประยุกต์ใช้สำหรับการเรียนแบบผสมผสาน อีเลิร์นนิง และออนไลน์เลิร์นนิง /^cจินตวีร์ คล้ายสังข์
250 ^- ^aพิมพ์ครั้งที่ 1.
260 ^- ^aกรุงเทพฯ :^bสำนักพิมพ์แห่งจุฬาลงกรณ์มหาวิทยาลัย,^c2559
300 ^- ^aก-ง, 241 หน้า :^bภาพประกอบ ;^c26 ซม.
505 ^- ^aบทเรียนอิเล็กทรอนิกส์
505 ^- ^aขั้นตอนการออกแบบเว็บเพื่อการเรียนการสอน
505 ^- ^aห้องเรียนเสมือน
505 ^- ^aบทเรียนอิเล็กทรอนิกส์ หรือ อีเลิร์นนิงคอร์สแวร์
505 ^- ^aกิจกรรมการเรียนรู้
505 ^- ^aการวัดและประเมินผล
650 04 ^aคอมพิวเตอร์ช่วยการสอน
650 00 ^aเว็บไซต์^xออกแบบ
650 04 ^aการเรียนการสอนผ่านเว็บ
945    ^p280^l0^i29434
945    ^p280^l0^i29435
945    ^p280^l0^i29436
945    ^p280^l0^i29437
945    ^p280^l0^i29438
999    ^aกัณชพร จุลอักษร
รายการนี้ยังไม่มีแท็ก
คุณยังไม่ได้ล็อกอิน คุณสามารถมีกิจกรรมร่วมกับเว็บไซต์ได้ แต่ต้องล็อกอินก่อน ::
  ล็อกอิน

รายการสื่อสารสนเทศ

ลำดับที่ ประเภท เลขเรียก/บาร์โค้ด สถานที่ สถานะ
1. หนังสือสำรอง
หนังสือสำรอง
LB1028.5 จ484ก ฉ.1 
  Barcode: 29434
ห้องสมุดวิทยาเขตสวรรค์ประชารักษ์
►หนังสือทั่วไป
บนชั้น
2. วิทยาศาสตร์การแพทย์ และสุขภาพ
วิทยาศาสตร์การแพทย์ และสุขภาพ
LB1028.5 จ484ก ฉ.2 
  Barcode: 29435
ห้องสมุดวิทยาเขตสวรรค์ประชารักษ์
►หนังสือทั่วไป
บนชั้น
3. วิทยาศาสตร์การแพทย์ และสุขภาพ
วิทยาศาสตร์การแพทย์ และสุขภาพ
LB1028.5 จ484ก ฉ.3 
  Barcode: 29436
ห้องสมุดวิทยาเขตสวรรค์ประชารักษ์
►หนังสือทั่วไป
บนชั้น
4. วิทยาศาสตร์การแพทย์ และสุขภาพ
วิทยาศาสตร์การแพทย์ และสุขภาพ
LB1028.5 จ484ก ฉ.4 
  Barcode: 29437
ห้องสมุดวิทยาเขตสวรรค์ประชารักษ์
►หนังสือทั่วไป
บนชั้น
5. วิทยาศาสตร์การแพทย์ และสุขภาพ
วิทยาศาสตร์การแพทย์ และสุขภาพ
LB1028.5 จ484ก ฉ.5 
  Barcode: 29438
ห้องสมุดวิทยาเขตสวรรค์ประชารักษ์
►หนังสือทั่วไป
บนชั้น

รายการใกล้เคียง
    หัวเรื่อง [คอมพิวเตอร์ช่วยการสอน]
    หัวเรื่อง [การเรียนการสอนผ่านเว็บ]

BibComment


ยังไม่เคยถูกคอมเมนท์

คอมเมนท์ทรัพยากรรายการนี้
  คอมเมนท์: การออกแบบเว็บเพื..


 Copyright 2026. Bcnsprnw @Library